Normal view
MARC view
- Nupur Markam - 2k181104 & Dr. Jyoti Gaikwad - Guide
Entry Personal Name
001 - CONTROL NUMBER
- control field: 105097
003 - CONTROL NUMBER IDENTIFIER
- control field: OSt
005 - DATE AND TIME OF LATEST TRANSACTION
- control field: 20221007221541.0
008 - FIXED-LENGTH DATA ELEMENTS
- fixed length control field: 221007|| aca||aabn | a|a d
040 ## - CATALOGING SOURCE
- Original cataloging agency: OSt
- Transcribing agency: OSt
100 ## - HEADING--PERSONAL NAME
- Personal name: Nupur Markam - 2k181104 & Dr. Jyoti Gaikwad - Guide
670 ## - SOURCE DATA FOUND
- Source citation: Work cat.: (OSt)79997: Nupur Markam - 2k181104 & Dr. Jyoti Gaikwad - Guide, Branding And Promotion Throghsponsorship, 2019